书目信息 |
| 题名: |
卓越广告
|
|
| 作者: | 艾奇逊, 著 ;臧恒佳 译 | |
| 分册: | ||
| 出版信息: | 昆明 云南大学出版社 2001.06 |
|
| 页数: | 422页 | |
| 开本: | 21cm | |
| 丛书名: | 卓越广告丛书 | |
| 单 册: | ||
| 中图分类: | F713.82 | |
| 科图分类: | ||
| 主题词: | 广告学--guang gao xue--管理学 | |
| 电子资源: | ||
| ISBN: | 7-81068-304-7 | |
| 000 | 01140nam 2200301 450 | |
| 001 | 012008519593 | |
| 005 | 20080423210050.15 | |
| 010 | @a7-81068-304-7@dCNY48.00 | |
| 100 | @a20080423d2001 km y0chiy0120 ea | |
| 101 | 1 | @achi@ceng |
| 102 | @aCN@b530000 | |
| 105 | @aa z 000yy | |
| 106 | @ar | |
| 200 | 1 | @a卓越广告@AZhuo Yue Guang Gao@d= Cutting edge advertising@f(澳) Jim Aitchison著@F(ao)Jim Aitchison zhu@g臧恒佳等译@Gzang heng jia deng yi@zeng |
| 210 | @a昆明@c云南大学出版社@d2001.06 | |
| 215 | @a422页@c图 (部分彩图)@d21cm | |
| 225 | 2 | @a卓越广告丛书@Azhuo yue guang gao cong shu |
| 304 | @a责任者规范汉译姓: 艾奇逊。 | |
| 306 | @aPrentice Hall(Singapore)Pte Ltd.授权出版 | |
| 330 | @a本书共有10章,包括:“不寻常的智慧”、“如何表达你的想法”、“你将听到八大谎言”、“创作之前的创作”等。 | |
| 410 | 0 | @12001 @a卓越广告丛书 |
| 510 | 1 | @aCutting edge advertising@zeng |
| 606 | 0 | @a广告学@Aguang gao xue@x管理学 |
| 690 | @aF713.82@v4 | |
| 701 | 1 | @a艾奇逊,@Aai qi xun,@bJ.@g(Aitchison, Jim)@4著 |
| 702 | 0 | @a臧恒佳@Azang heng jia@4译 |
| 801 | 0 | @aCN@bQSSK@c20080423 |
| 905 | @b20702794-96@dF713.82@eA377@f3 | |
| 卓越广告= Cutting edge advertising/(澳) Jim Aitchison著/臧恒佳等译.-昆明:云南大学出版社,2001.06 |
| 422页:图 (部分彩图);21cm.-(卓越广告丛书) |
| ISBN 7-81068-304-7:CNY48.00 |
| 本书共有10章,包括:“不寻常的智慧”、“如何表达你的想法”、“你将听到八大谎言”、“创作之前的创作”等。 |
| ● |
| 相关链接 |
|
|
|
正题名:卓越广告
索取号:F713.82/A377
 
预约/预借
| 序号 | 登录号 | 条形码 | 馆藏地/架位号 | 状态 | 备注 |
| 1 | 702794 | 207027947 | 社科库409/409社科库 60排7列5层/ [索取号:F713.82/A377] | 在馆 | |
| 2 | 702795 | 207027956 | 社科二线422/409社科库 44排7列3层/ [索取号:F713.82/A377] | 在馆 | |
| 3 | 702796 | 207027965 | 社科二线422/409社科库 44排7列2层/ [索取号:F713.82/A377] | 在馆 |